| 000 | 00709nam a2200229 a 4500 | ||
|---|---|---|---|
| 001 | BRCA_3915 | ||
| 005 | 20190320204455.0 | ||
| 008 | 100110s1939----mx-#######---#000-0#spa-# | ||
| 041 | _aspa | ||
| 044 | _amx | ||
| 050 | 4 |
_aF1386 _b.V35 1939 |
|
| 100 | 1 |
_aValle Arizpe, Artemio de _d1888-1961. _92476 |
|
| 245 | 1 | 0 |
_aHistoria de la ciudad de México según los relatos de sus cronistas _cArtemio Valle Arizpe. |
| 260 |
_aMéxico _bP. Robredo _c1939 |
||
| 300 |
_a541 p. _c24 cm. |
||
| 500 | _aIncluye índice de nombres propios e índice de materias. | ||
| 500 | _aC64 | ||
| 651 | 4 |
_aMéxico (Ciudad) _vDescripción _910032 |
|
| 651 | 4 |
_aMéxico (Ciudad) _vHistoria _99985 |
|
| 902 | _aGFM | ||
| 942 |
_2lcc _cB |
||
| 999 |
_c3642 _d3642 |
||